Statystyki dla Wszystkie Reprezentacje Które kiedykolwiek były na podium Gold Cup.

Kliknij tutaj aby rozwiązać quiz!

Ogólne statystyki

  • Ten quiz został rozwiązany 68 razy
  • Średni wynik to 9 z 14

Statystyki odpowiedzi

#Odpowiedź1m.2m.3m.razem medali% Poprawnych
2Meksyk82313
94%
1Stany Zjednoczone75214
94%
4Kanada1034
89%
3Honduras0145
80%
5Panama0224
78%
8Brazylia0213
77%
6Jamajka0223
77%
7Kostaryka0134
75%
9Kolumbia0112
66%
11Peru0011
61%
13Haiti0011
58%
14Katar0011
33%
10Trynidad & Tobago0011
22%
12Gwadelupa0011
6%

Rozkład punktacji

Percentyl według liczby udzielonych odpowiedzi

Procent ludzi z każdym wynikiem

Twoja historia wyników

Nie rozwiązałeś tego quizu